000 00851nam a2200193 a 4500
008 091026s2002 ||||||||||||||||| || u
020 _a9982816012
050 _aJQ 2898.M68 Chi
100 _aChitala, Mbita Chintundya, 1955-
245 1 0 _aNot yet democracy: the transition of the twin process of political and economic reform in Zambia (1991-2001)
_cMbita Chintundya Chitala
260 _aLusaka
_bZambia Research Foundation
_c[2002]
300 _aix, 342p.
350 _a50000.00
650 _aZAMBIA--POLITICS AND GOVERNMENT--MOVEMENT FOR MULTI-PARTY DEMOCRACY (MMD)
650 0 _aZAMBIA--POLITICS AND GOVERNMENT
650 _aPOLITICS
650 0 _aZAMBIA--ECONOMIC POLICY
995 _D50000.00
_FCBU-MAIN LIBRARY (Kitwe)
_H1
_I50000.00
_M1
_UAVAILABLE
_WNov 23, 2009
_ZZambiana Collection
999 _c52389
_d52389